Statistics for Top 10 Countries with the Lowest Air Pollution

Click here to take the quiz!

General Stats

  • This quiz has been taken 111 times
  • The average score is 7 of 10

Answer Stats

RankCountry% Correct
8Iceland
88%
5Canada
87%
6Finland
87%
3Sweden
86%
4Australia
82%
1New Zealand
82%
7United States
74%
9Estonia
48%
10Spain
36%
2Brunei
18%

Score Distribution

Percentile by Number Answered

Percent of People with Each Score

Your Score History

You have not taken this quiz